000 00390nam a22001457a 4500
005 20250214123737.0
008 250214b |||||||| |||| 00| 0 eng d
020 _a9780851106526
050 _aBT 75.2.G78 GRU
_b1
100 _aGRUDEM, Wayne
245 _aSystematic theology :
_bAn introduction to biblical doctrine
260 _aEngland
_bIVP
_c1994
300 _a1291p
942 _2lcc
_cBK
_n0
999 _c3856
_d3856